| 000 | 00527nam a2200193Ia 4500 | ||
|---|---|---|---|
| 008 | 131103s9999 xx 000 0 und d | ||
| 020 | _cRs.100.00 | ||
| 040 | _aLoreto College | ||
| 041 | _aEnglish | ||
| 082 |
_a913/BHA _bLCBED/13988 |
||
| 100 | _aBhattacharya, Basab | ||
| 245 |
_aMadhyamik geography _b Classes ix - x _cBasab Bhattacharya |
||
| 250 | _a17th ed. | ||
| 260 |
_aKolkata _bAbhinaba _c2003 |
||
| 300 |
_avarious pages _b ill. _c 22cm. |
||
| 650 | _aWorld Geography | ||
| 850 | _aLCBED/913/BHA | ||
| 942 | _cBK | ||
| 999 |
_c29283 _d79762 |
||